[Event "San Francisco TNM Spring op"]
[Site "San Francisco"]
[Date "2013.03.19"]
[Round "1"]
[White "Kisieu, Adrian"]
[Black "Shnaiderman, Lazar"]
[Result "0-1"]
[WhiteElo "911"]
[BlackElo "1801"]
[PlyCount "48"]
[EventDate "2013.03.19"]
[EventType "swiss"]
[EventRounds "8"]
[EventCountry "USA"]
[SourceTitle "EXT 2016"]
[Source "ChessBase"]
[SourceDate "2015.10.08"]
[SourceVersion "1"]
[SourceVersionDate "2015.10.08"]
[SourceQuality "1"]

1. e4 c5 2. Nf3 g6 3. c3 Bg7 4. d4 cxd4 5. cxd4 d5 6. e5 Bg4 7. Be2 Bxf3 8. Bxf3 e6 9. Qb3 Nc6 10. Nc3 Nxd4 11. 0-0 Nxb3 12. axb3 Bxe5 13. Re1 Bxc3 14. bxc3 Ne7 15. Bb2 0-0 16. Rad1 Qb6 17. b4 a5 18. Ba3 axb4 19. Bxb4 Rfe8 20. Bxd5 Nxd5 21. Rb1 Nxb4 22. Rxb4 Qc6 23. Rd1 Qxc3 24. Rdb1 Qxb4 0-1